000 00624nam a2200193Ia 4500
003 GCL
008 140319s9999 xx 000 0 ara d
040 _aGCL /
_cGCL
082 0 4 _aم
_b320.03
_bر ق
100 1 _aراشد البراوى
245 1 0 _aقاموس النهضة للمصطلحات الدبلوماسية والسياسة والدولية /
_cراشد البراوى
260 _a[S.N] :
_bمكتبة النهضة المصرية ،
_c1980
300 _a289
650 0 4 _aالسياسة
650 0 4 _aالمعاجم
650 0 4 _aالدبلوماسية
650 0 4 _aالاجتماع
942 _2ddc
_cREF
999 _c59460
_d59460